000
00280nam a22001217a 4500
082
_a
894.812.3
_b
THO/N
100
_a
THOMAS, SHINI V
245
_a
NINJALKAY
_b
BALASAHITHYAM
260
_a
THIRUVALLA
_b
THAMANNA
300
_a
40
650
_a
MALAYALAM SHORT STORY
_z
KERALA
942
_c
BK
999
_c
1664
_d
1664